Nur-ul-Huda: (Record no. 531924)
[ view plain ]
| 000 -LEADER | |
|---|---|
| fixed length control field | 00372nam a22001457a 4500 |
| 003 - CONTROL NUMBER IDENTIFIER | |
| control field | NUST |
| 020 ## - INTERNATIONAL STANDARD BOOK NUMBER | |
| International Standard Book Number | 9789699290206 |
| Qualifying information | P/B. |
| 038 ## - RECORD CONTENT LICENSOR | |
| Staff Name | waseem |
| 082 ## - DEWEY DECIMAL CLASSIFICATION NUMBER | |
| Classification number | 297.4 |
| Author Mark | BAH |
| 100 ## - MAIN ENTRY--PERSONAL NAME | |
| Personal name | Bahoo, Sultan |
| 9 (RLIN) | 25095 |
| 245 ## - TITLE STATEMENT | |
| Title | Nur-ul-Huda: |
| Remainder of title | The Light of Guidance / |
| Statement of responsibility, etc. | Sultan Bahoo |
| 260 ## - PUBLICATION, DISTRIBUTION, ETC. | |
| Place of publication, distribution, etc. | Lahore : |
| Name of publisher, distributor, etc. | Al-Afireen Publications, |
| Date of publication, distribution, etc. | 2019. |
| 300 ## - PHYSICAL DESCRIPTION | |
| Extent | 327 p. ; |
| 942 ## - ADDED ENTRY ELEMENTS (KOHA) | |
| Source of classification or shelving scheme | |
| Koha item type | Book |
| Withdrawn status | Lost status | Source of classification or shelving scheme | Damaged status | Not for loan | Permanent Location | Current Location | Shelving location | Date acquired | Source of acquisition | Total Checkouts | Full call number | Barcode | Date last seen | Price effective from | Koha item type | Date last checked out |
|---|---|---|---|---|---|---|---|---|---|---|---|---|---|---|---|---|
| Central Library (CL) | Central Library (CL) | First Floor - Islam | 11/04/2019 | Donation | 297.4 BAH | CL-D-763 | 11/04/2019 | 11/04/2019 | Book | |||||||
| Central Library (CL) | Central Library (CL) | First Floor - Islam | 07/13/2022 | Donated by Muslim Institute | 1 | 297.4 BAH | CL-D-1807 | 02/13/2025 | 07/13/2022 | Book | 01/08/2025 |
